Taxations yearbook & digest 1998 / (Record no. 136308)

MARC details
000 -LEADER
fixed length control field 00712nam a22002177a 4500
010 ## - LIBRARY OF CONGRESS CONTROL NUMBER
LC control number A-897001
020 ## - INTERNATIONAL STANDARD BOOK NUMBER
Terms of availability 550.00
035 ## - SYSTEM CONTROL NUMBER
System control number A-897001
037 ## - SOURCE OF ACQUISITION
Source of stock number/acquisition Cen Lib / Ret
040 ## - CATALOGING SOURCE
Original cataloging agency DPL
Language of cataloging En
082 ## - DEWEY DECIMAL CLASSIFICATION NUMBER
Classification number 343.04
Item number TAX
245 ## - TITLE STATEMENT
Title Taxations yearbook & digest 1998 /
Statement of responsibility, etc edited by O. C. Tandon
260 ## - PUBLICATION, DISTRIBUTION, ETC. (IMPRINT)
Place of publication, distribution, etc New Delhi
Name of publisher, distributor, etc Taxation
Date of publication, distribution, etc 1998
270 ## - ADDRESS
Address 174, Jor Bagh
City New Delhi
Postal code 110003
300 ## - PHYSICAL DESCRIPTION
Extent 426p
Other physical details ill ;
Dimensions 27cm(Hb)
650 ## - SUBJECT ADDED ENTRY--TOPICAL TERM
Topical term or geographic name as entry element Taxation -- Law and legislation -- India.
9 (RLIN) 18097
650 ## - SUBJECT ADDED ENTRY--TOPICAL TERM
Topical term or geographic name as entry element Taxation -- Law and legislation -- India -- Digests.
9 (RLIN) 141564
650 ## - SUBJECT ADDED ENTRY--TOPICAL TERM
Topical term or geographic name as entry element Taxation -- Law and legislation.
9 (RLIN) 16222
700 ## - ADDED ENTRY--PERSONAL NAME
Personal name Tandon, O. C.
9 (RLIN) 141828
942 ## - ADDED ENTRY ELEMENTS (KOHA)
Source of classification or shelving scheme Dewey Decimal Classification
Koha item type English Books
Classification part 343.04
Call number suffix TAX
Holdings
Withdrawn status Lost status Damaged status Not for loan Home library Current library Date acquired Source of acquisition Cost, normal purchase price Total Checkouts Full call number Barcode Date last seen Copy number Cost, replacement price Price effective from Koha item type
        Central Library Central Library 19/03/2016 Cen Lib/Ret 550.00   343.04 TAX A-897001 19/03/2016 1 550.00 19/03/2016 English Books

© Delhi Public Library
Hit Counter
free hit counter